Statistics for Biggest cities/metro areas in Argentina

Click here to take the quiz!

General Stats

  • This quiz has been taken 357 times
  • The average score is 10 of 15

Answer Stats

HintAnswer% Correct
13.588.171Buenos Aires
100%
1.454.645Córdoba
95%
1.236.089Rosario
91%
978.064Mendoza
86%
787.294La Plata
73%
616.142Mar del Plata
71%
539.187Salta
69%
490.171Santa Fe
69%
461.213San Juan
56%
794.327San Miguel de Tucumán
48%
350.541Neuquén
45%
346.344Corrientes
42%
385.726Resistencia
40%
358.633Santiago del Estero
36%
319.469Posadas
36%

Score Distribution

Percentile by Number Answered

Percent of People with Each Score

Your Score History

You have not taken this quiz